PESA act and its implementation in tribal areas of Orissa: (Record no. 192801)

MARC details
000 -LEADER
fixed length control field 00755nam a22002177a 4500
005 - DATE AND TIME OF LATEST TRANSACTION
control field 20221004161955.0
010 ## - LCCN (DPL NO)
LC control number ENG-135300
020 ## - INTERNATIONAL STANDARD BOOK NUMBER
Terms of availability 599.00
International Standard Book Number 9789380705095
035 ## - SYSTEM CONTROL NUMBER
System control number EN-118832
037 ## - SOURCE OF ACQUISITION
Source of stock number/acquisition DBAD/PUB
082 ## - DEWEY DECIMAL CLASSIFICATION NUMBER
Classification number 342.54
100 ## - MAIN ENTRY--PERSONAL NAME
Personal name Ota,A.B.
245 ## - TITLE STATEMENT
Title PESA act and its implementation in tribal areas of Orissa:
Statement of responsibility, etc by A.B.Ota,K.K.Patnaik and A.K.Gamango
Remainder of title an empirical evaluation/
260 ## - PUBLICATION, DISTRIBUTION, ETC. (IMPRINT)
Place of publication, distribution, etc Bhubaneswar
Name of publisher, distributor, etc Scheduled Castes and Scheduled Tribes Research and Training Institute
Date of publication, distribution, etc 2010
270 ## - ADDRESS
Address Orissa
City Bhubaneswar
Postal code 751003
300 ## - PHYSICAL DESCRIPTION
Extent xxix,175p.
Dimensions 22cm(Hb)
500 ## - GENERAL NOTE
General note Includes bibliographical references and index
700 ## - ADDED ENTRY--PERSONAL NAME
Personal name Patnaik,K.K.
700 ## - ADDED ENTRY--PERSONAL NAME
Personal name Gamango,A.K.
942 ## - ADDED ENTRY ELEMENTS (KOHA)
Source of classification or shelving scheme Dewey Decimal Classification
Item type English Books
Call number suffix OTA
Classification part 342.54
Holdings
Withdrawn status Lost status Not for loan Collection code Home library Current library Date acquired Source of acquisition Cost, normal purchase price Full call number Barcode Copy number Cost, replacement price Koha item type
      Non-fiction Bawana Bawana 04/10/2022 DBAD/PUB 599.00 342.54 OTA EN-118832 1 599.00 English Books

© Delhi Public Library
Hit Counter
free hit counter